| 000 | 02824cam a22006014i 4500 | ||
|---|---|---|---|
| 003 | PE-LiUPU | ||
| 005 | 20250731170427.0 | ||
| 008 | 190409s2011 mx rb 000 0 spa d | ||
| 020 | _a958842755X | ||
| 020 | _a9789588427553 | ||
| 035 | _a(Sirsi) a252074 | ||
| 040 |
_aPE-LiUPU _bspa _cPE-LiUPU _erda |
||
| 049 | _aPRUA | ||
| 082 | 0 | 4 |
_a170 _bG22 _223 |
| 100 | 1 |
_aGarcía, Camilo, _eautor. |
|
| 245 | 1 | 0 |
_aEscritos sobre ética / _cCamilo García. |
| 264 | 1 |
_aMedellín : _bLa Carreta, _c2011. |
|
| 300 |
_a194 páginas ; _c24 centímetros. |
||
| 336 |
_atext _2rdacontent |
||
| 337 |
_aunmediated _2rdamedia |
||
| 338 |
_avolume _2rdacarrier |
||
| 490 | 0 | _aLa carreta filosófica | |
| 505 | 0 | _aEl sufrimiento como una razón de ser de la ética -- sobre el bien de la felicidad -- acerca del carácter ético de la compasión -- diálogo, escucha y ética -- interés vital u moral -- sobre la formación moral de sí -- sobre sexualidad y moralidad -- nota acerca del motivo estético de la ética -- inocencia y culpabilidad -- el deber moral comom deuda -- sobre la esencial del mal -- la ambiguedad moral del castigo -- la pretensión moral del sacrificio -- la pretensión moral del sacrificio -- razón y justificación -- el recuerdo como una fuente de la conciencia moral -- el valor moral de las víctimas -- la crisis moral de la sociedad colombiana -- la falta moral de la venganza -- sobre el perdón y el olvido -- dostoievski: crimen y moral -- ¿contribuyen las guerras al progreso moral a la humanidad? -- el contenido ético del estado democrático de derecho moderno -- nota sobre la mentira, el engaño y la manipulación -- sobre el sentido ético de la responsabilidad -- el suplemento ético de la solidaridad -- sobre el significado de la justicia -- sobre la moral y la justicia -- acerca de la igualdad y desigualdad de los seres humanos. | |
| 526 | _aSEG68 | ||
| 526 | _aSEG70 | ||
| 526 | _aSEG69 | ||
| 526 | _aSEG67 | ||
| 526 | _aSEG43 | ||
| 526 | _aP144 | ||
| 526 | _aP143 | ||
| 526 | _aP131 | ||
| 526 | _aP122 | ||
| 526 | _aP120 | ||
| 526 | _aP117 | ||
| 526 | _aP112 | ||
| 526 | _aP110 | ||
| 526 | _aP106 | ||
| 526 | _aP101 | ||
| 526 | _aP80 | ||
| 526 | _aP59 | ||
| 526 | _aP54 | ||
| 526 | _aP35 | ||
| 526 | _aP33 | ||
| 526 | _aP30 | ||
| 541 | _g0003; | ||
| 650 | 0 | 7 | _aEtica. |
| 650 | 0 | 7 | _aConducta (Etica) |
| 910 |
_adbm _bksl _cksl _d20190409 |
||
| 942 |
_2ddc _cBOOK |
||
| 994 |
_aC0 _bPEPRU |
||
| 596 | _a1 | ||
| 999 |
_a170 G22 _wDEWEY _c31334 _i80258 _d31334 _f2021-11-4 _g3 _lCCODEBUL1 _mBUL _p20.06 _q1 _r0 _sY _tBOOK _u2019-4-9 _xBIBLIOTECA _PP82 _0COMPRA _1FCOMPR2 _o.STAFF. Colección Ciencias de la Salud |
||
| 980 |
_81 _gALBERTO SANCHEZ Responsable de Automatización |
||